Partidos políticos, democracia y cambio social

Guardat en:
Dades bibliogràfiques
Autors principals: Tezanos, José Félix (Autor), Luena, César (Autor)
Format: Llibre
Idioma:espanyol
Publicat: Madrid Biblioteca Nueva 2017
Edició:1a. ed
Col·lecció:Colección Dossier del Siglo XXI, 6
Matèries:
Etiquetes: Afegir etiqueta
Sense etiquetes, Sigues el primer a etiquetar aquest registre!

MARC

LEADER 00000cam a2200000 a 4500
001 UCC5834
003 CL-VaPUC
008 181031e20170000sp |||||||||||||||||spa|d
020 |a 9788416938384 
082 0 4 |a 324.2  |b TEZ  |2 21 
100 0 |a Tezanos, José Félix  |e author  |9 600229 
700 0 |a Luena, César  |e author  |9 600230 
245 1 0 |a Partidos políticos, democracia y cambio social 
250 |a 1a. ed 
300 |a 198 p 
942 |c BK 
945 |d 20181031 17:21:00  |a dcastane 
260 |a Madrid  |b Biblioteca Nueva  |c 2017 
650 0 |a Partidos políticos  |9 254999 
650 7 |a SISTEMAS POLITICOS  |2 CL-VaPUC  |9 600231 
650 0 |a Democracia  |9 255256 
650 0 |a Cambio social   |9 256857 
583 |a last modification  |c 20181031 17:21:00  |k Rodrigo Vera 
490 0 |a Colección Dossier del Siglo XXI, 6 
999 |c 372943  |d 372941 
952 |0 0  |1 0  |3 erb  |4 0  |6 324_200000000000000_TEZ_2017  |7 0  |8 A  |9 490835  |a BIBCUR  |b BIBCUR  |i 551133K  |o 324.2 TEZ 2017  |p 551133K  |r 2025-04-22  |w 2019-11-24  |y BK  |z Catalogado en:20181031  |k PER